03127nam a2200421uu 4500001000800000005001700008008004100025020001800066035001200084040001300096041000800109050000700117082000800124100005300132245006800185260003200253300004300285505082000328520063201148650003301780650004801813650003201861650003101893650003301924650003001957650002901987650002902016650005702045650003902102700005402141700005202195700005502247700004602302942000902348999001902357952016202376952016702538145504620260508090659.0161121s2015 spa  a9789585930605 a1455046 ccomduadb aspa 4aGV 4a79610aGaviria Garcia, Nelson Alveiro4auteaut952494510aPrácticas deportivas emergentes en Medellín pura Adrenalina aMedellín :bINDER,c2015. a133 páginas :bilustraciones a color aCONTENIDO: Introducción. -- Marco institucional: Acuerdo municipal. -- Referentes conceptuales. -- Prácticas deportivas y recreativas emergentes. -- Componentes de las prácticas: Componente físico motriz. Espacio. Rasgos identitarios. -- Prácticas emergentes en Medellín: La escalada. Ciclomontañismo-Downhill urbano. Parapentismo. Freestyle frisbee. Agility. Capoeira. Motocross. Parkour. Roller derby. Salto doble cuerda. Orientación. Skateboarding. Street workout. Slacklie. Paintball. Triciclos de derrape (drift trike). -- Otras prácticas alternativas. -- Proyecto Adrenalina: Adrenalina Aventura 7 Cerros. Adrenalina en el cielo. Adrenalina urban bike. Adrenalina urbanos. Adrenalina a motor. -- Eventos de ciudad relacionados con adrenalina. -- Conclusiones. -- Epílogo. -- Referencias. .3 aEl Inder Medellín a través del proyecto Adrenalina reconoce, promueve y apoya estas prácticas mediante diferentes líneas de acción: Nuevas Tendencias Deportivas, Escuelas de Adrenalina y Eventos de Adrenalina. En vista de la necesidad de caracterizar e identificar las prácticas que se vienen implementando en la ciudad, el proyecto Adrenalina y el Observatorio del Deporte, la Recreación y la Actividad Física del Inder Medellín realizan un estudio sobre las prácticas deportivas emergentes desarrolladas en Medellín, con la ayuda de quienes llevan a cabo estas prácticas...Tomado de la introducción. aPráctica deportiva9138995 aDeporte y recreación - Medellín9212396 aActividad deportiva9132346 aAcuerdo 22 de 20129220434 aDeportes - Medellín963323 aDeportes extremos9125473 aDeportes urbanos9218945 aDeportes de sliz9219108 aINDER (Instituto de Deportes y Recreación)9133700 7aPolítica deportiva2lemb913505110aPulido Quintero, Sandra Maryory4auteaut952649010aBrunal Berrocal, Diana Pahola4auteaut974809910aRodríguez Ramirez, Juan Carlos4auteaut973216210aHiguita Rojas, Fabián4auteaut9732163 cBOOK c743152d743152 001040708GENERALaEDUFIbEDUFId2016-11-21eMaterial adquirido por donacióniC1254760l0oGV343.5 G3pp1030161r2023-05-03 00:00:00t1w2023-05-03yBOOK 001040708ANTIOQUIAaBCbBCd2016-11-24eMaterial adquirido por donacióng22000.00iC1255103l0o796.1 O14p1016087r2023-05-03 00:00:00t2w2023-05-03yBOOKI